000 00783nam a2200229 u 4500
005 20220622063605.0
008 110928s2007 r 000 0 eng d
020 _a9789583023545
035 _aUPN01000181974
049 _aI
050 4 _aPZ26.3
_bJ6.3
100 1 _aJolibois, Christian,
_d1948-
_932144
245 1 3 _aUn gallinero en las estrellas /
_cChristian Jolibois ; il. Christian Heinrich ; tr. Sandra Olivera.
260 _aBogotá :
_bPanamericana,
_c2007.
300 _a52 p. :
_bprincipalmente il. col.
440 0 _aPollitos y gallinitas
534 _pTítulo original:
_tUn poulailler dans les étoiles
650 0 _aAnimales
_vCuentos y leyendas
_9234
650 0 _aCuentos infantiles franceses
_98588
700 1 _aHeinrich, Christian,
_eil.
905 _aInfantil
999 _c154077
_d154077